[Event "Bucaramanga Udi Cup"]
[Site "Bucaramanga"]
[Date "2014.10.18"]
[Round "6"]
[White "Duran, Maria Camila"]
[Black "Velez, Luis Fernando"]
[Result "0-1"]
[WhiteElo "1557"]
[BlackElo "1777"]
[PlyCount "72"]
[EventDate "2014.10.15"]
[EventType "swiss"]
[EventRounds "9"]
[EventCountry "COL"]
[SourceTitle "EXT 2015"]
[Source "ChessBase"]
[SourceDate "2014.11.20"]
[SourceVersion "1"]
[SourceVersionDate "2014.11.20"]
[SourceQuality "1"]

1. e4 c5 2. Nf3 Nc6 3. d4 cxd4 4. Nxd4 e6 5. a3 Nf6 6. Nc3 a6 7. Bg5 Be7 8. f4 d6 9. Qd2 Bd7 10. 0-0-0 Rc8 11. g3 0-0 12. Bg2 Qc7 13. Rhe1 Na5 14. e5 dxe5 15. fxe5 Nc4 16. Qf4 Nh5 17. Qg4 Bxg5+ 18. Qxg5 Nxb2 19. Kxb2 Qxc3+ 20. Kb1 Ba4 21. Be4 g6 22. Re3 Qc5 23. g4 Ng7 24. Rh3 Rfd8 25. Qh6 Rxd4 26. Qxh7+ Kf8 27. Qh8+ Ke7 28. Qh4+ Kd7 29. Rxd4+ Qxd4 30. Rd3 Bxc2+ 31. Ka2 Bxd3 32. Bxd3 Qxd3 33. Qe1 Rc2+ 34. Kb1 Re2+ 35. Ka1 Qxa3+ 36. Kb1 Qb2# 0-1

[Event "Bucaramanga Udi Cup"]
[Site "Bucaramanga"]
[Date "2014.10.17"]
[Round "4"]
[White "Duran, Maria Camila"]
[Black "Carvajal Barreto, Johan Sebastian"]
[Result "1-0"]
[WhiteElo "1557"]
[BlackElo "2019"]
[PlyCount "37"]
[EventDate "2014.10.15"]
[EventType "swiss"]
[EventRounds "9"]
[EventCountry "COL"]
[SourceTitle "EXT 2015"]
[Source "ChessBase"]
[SourceDate "2014.11.20"]
[SourceVersion "1"]
[SourceVersionDate "2014.11.20"]
[SourceQuality "1"]

1. e4 e5 2. Nf3 Nc6 3. Bc4 Nf6 4. d3 Bc5 5. Nc3 0-0 6. Bg5 h6 7. Bh4 d6 8. Nd5 Bg4 9. Nxf6+ gxf6 10. h3 Bh5 11. c3 Qd7 12. Qd2 Kg7 13. Bxf6+ Kxf6 14. Qxh6+ Bg6 15. Qg5+ Kg7 16. Nh4 Na5 17. Nf5+ Kh7 18. Qh6+ Kg8 19. Qg7# 1-0

[Event "Bucaramanga Udi Cup"]
[Site "Bucaramanga"]
[Date "2014.10.16"]
[Round "2"]
[White "Duran, Maria Camila"]
[Black "Sepulveda, Lyda Marcela"]
[Result "1/2-1/2"]
[WhiteElo "1557"]
[BlackElo "1183"]
[PlyCount "47"]
[EventDate "2014.10.15"]
[EventType "swiss"]
[EventRounds "9"]
[EventCountry "COL"]
[SourceTitle "EXT 2015"]
[Source "ChessBase"]
[SourceDate "2014.11.20"]
[SourceVersion "1"]
[SourceVersionDate "2014.11.20"]
[SourceQuality "1"]

1. e4 e5 2. Nf3 Nc6 3. Bc4 Bc5 4. c3 Nf6 5. d4 exd4 6. cxd4 Bb4+ 7. Nc3 d5 8. exd5 Nxd5 9. Bxd5 Qxd5 10. 0-0 Qd8 11. Re1+ Be6 12. Bg5 Be7 13. Bxe7 Nxe7 14. Ng5 Bd5 15. Qg4 0-0 16. Nxd5 Nxd5 17. Qf5 Nf6 18. Rad1 h6 19. Nf3 Qd5 20. Qxd5 Nxd5 21. a3 c6 22. b4 a6 23. g3 Rad8 24. Ne5 1/2-1/2

[Event "Bucaramanga Udi Cup"]
[Site "Bucaramanga"]
[Date "2014.10.15"]
[Round "1"]
[White "Martinez Zuluaica, Julian"]
[Black "Duran, Maria Camila"]
[Result "1-0"]
[WhiteElo "2205"]
[BlackElo "1557"]
[PlyCount "61"]
[EventDate "2014.10.15"]
[EventType "swiss"]
[EventRounds "9"]
[EventCountry "COL"]
[SourceTitle "EXT 2015"]
[Source "ChessBase"]
[SourceDate "2014.11.20"]
[SourceVersion "1"]
[SourceVersionDate "2014.11.20"]
[SourceQuality "1"]

1. e4 c5 2. b4 cxb4 3. a3 d6 4. axb4 Nf6 5. d3 g6 6. f4 Bg7 7. Bb2 0-0 8. Nf3 Qb6 9. Qd2 Nxe4 10. dxe4 Bxb2 11. Ra2 Bg7 12. c3 Nc6 13. Qf2 Qxf2+ 14. Kxf2 a6 15. h3 f5 16. b5 fxe4 17. Ng5 Rxf4+ 18. Ke3 Rf5 19. Nxe4 Be6 20. Ra4 Raf8 21. bxc6 Rxf1 22. Rxf1 Rxf1 23. cxb7 Rxb1 24. Rb4 Bh6+ 25. Kf2 Rc1 26. b8Q+ Kg7 27. Rb7 Rc2+ 28. Kg3 d5 29. Rxe7+ Bf7 30. Qe5+ Kf8 31. Qf6 1-0

[Event "COL-ch sf (Women)"]
[Site "Medellin"]
[Date "2014.??.??"]
[Round "9"]
[White "Duran, Maria Camila"]
[Black "Gomez Vasquez, Laura Sofia"]
[Result "1/2-1/2"]
[WhiteElo "1618"]
[BlackElo "1539"]
[PlyCount "30"]
[EventDate "2014.04.15"]
[EventType "swiss"]
[EventRounds "9"]
[EventCountry "COL"]
[SourceTitle "CBM 160 Extra"]
[Source "ChessBase"]
[SourceDate "2014.07.01"]
[SourceVersion "1"]
[SourceVersionDate "2014.07.01"]
[SourceQuality "1"]

1. e4 c5 2. Nf3 Nc6 3. d4 cxd4 4. Nxd4 e5 5. Nb3 Nf6 6. Nc3 Bb4 7. Qf3 Bxc3+ 8. bxc3 h6 9. Bc4 0-0 10. 0-0 a6 11. Re1 b5 12. Bd3 d5 13. exd5 Qxd5 14. Bxh6 Qxf3 15. gxf3 gxh6 1/2-1/2

[Event "COL-ch sf (Women)"]
[Site "Medellin"]
[Date "2014.??.??"]
[Round "5"]
[White "Duran, Maria Camila"]
[Black "Ocampo Garcia, Derly Gineth"]
[Result "0-1"]
[WhiteElo "1618"]
[BlackElo "1839"]
[PlyCount "60"]
[EventDate "2014.04.15"]
[EventType "swiss"]
[EventRounds "9"]
[EventCountry "COL"]
[SourceTitle "CBM 160 Extra"]
[Source "ChessBase"]
[SourceDate "2014.07.01"]
[SourceVersion "1"]
[SourceVersionDate "2014.07.01"]
[SourceQuality "1"]

1. e4 e5 2. Nf3 Nc6 3. Bc4 Bc5 4. c3 Nf6 5. d4 exd4 6. cxd4 Bb4+ 7. Bd2 Bxd2+ 8. Nbxd2 d6 9. h3 0-0 10. 0-0 h6 11. a3 Ne7 12. Rc1 Ng6 13. Re1 Nh7 14. b4 Nf4 15. Qb3 Ng5 16. Bf1 Kh8 17. Nxg5 Qxg5 18. Qg3 Nxh3+ 19. gxh3 Qxd2 20. d5 a5 21. Qe3 Qxe3 22. Rxe3 axb4 23. axb4 f5 24. Rxc7 fxe4 25. Rxe4 Ra1 26. Kg2 Bxh3+ 27. Kxh3 Rxf1 28. Rxb7 R1xf2 29. Rg4 R8f3+ 30. Kh4 Rh2# 0-1

[Event "COL-ch sf (Women)"]
[Site "Medellin"]
[Date "2014.??.??"]
[Round "4"]
[White "Munoz Monroy, Cinthya Carolina"]
[Black "Duran, Maria Camila"]
[Result "1-0"]
[WhiteElo "1895"]
[BlackElo "1618"]
[PlyCount "53"]
[EventDate "2014.04.15"]
[EventType "swiss"]
[EventRounds "9"]
[EventCountry "COL"]
[SourceTitle "CBM 160 Extra"]
[Source "ChessBase"]
[SourceDate "2014.07.01"]
[SourceVersion "1"]
[SourceVersionDate "2014.07.01"]
[SourceQuality "1"]

1. e4 c5 2. c3 d5 3. exd5 Qxd5 4. d4 e6 5. Na3 Bd7 6. Nc2 Nc6 7. Nf3 Nf6 8. Be2 Be7 9. 0-0 0-0 10. Bf4 Na5 11. Ne5 Bc6 12. Ne3 Qd8 13. dxc5 Bxc5 14. b4 Qxd1 15. Rfxd1 Ba4 16. bxc5 Bxd1 17. Rxd1 Rad8 18. Nd3 Nd5 19. Nxd5 Rxd5 20. Bf3 Rd7 21. Bd6 Rfd8 22. Ne5 b6 23. Nxd7 Rxd7 24. c6 Nxc6 25. Bxc6 Rd8 26. Rd4 h6 27. Be7 1-0

[Event "COL-ch sf (Women)"]
[Site "Medellin"]
[Date "2014.??.??"]
[Round "6"]
[White "Vargas Siempira, Diana Alejandra"]
[Black "Duran, Maria Camila"]
[Result "1-0"]
[WhiteElo "1711"]
[BlackElo "1618"]
[PlyCount "39"]
[EventDate "2014.04.15"]
[EventType "swiss"]
[EventRounds "9"]
[EventCountry "COL"]
[SourceTitle "CBM 160 Extra"]
[Source "ChessBase"]
[SourceDate "2014.07.01"]
[SourceVersion "1"]
[SourceVersionDate "2014.07.01"]
[SourceQuality "1"]

1. e4 c5 2. Nc3 d6 3. d3 Nf6 4. g3 g6 5. Bg2 Bg7 6. Nf3 0-0 7. 0-0 Nc6 8. h3 Be6 9. Be3 Rc8 10. Qd2 Qd7 11. Kh2 Ne5 12. Nxe5 dxe5 13. Bh6 Rfd8 14. Rad1 c4 15. Bxg7 Kxg7 16. a3 cxd3 17. Qxd3 Bc4 18. Qxd7 Rxd7 19. Rxd7 Bxf1 20. Rxe7 1-0